| 000 -CABECERA |
| Longitud fija campo de control |
00519nam a2200193 i 4500 |
| 001 - NÚMERO DE CONTROL |
| Número de control |
Rebiun22410275 |
| 003 - IDENTIFICADOR DEL NÚMERO DE CONTROL |
| Identificador del número de control |
OSt |
| 005 - FECHA Y HORA DE LA ÚLTIMA TRANSACCIÓN |
| Fecha y hora de la última transacción |
20230606103439.0 |
| 008 - CÓDIGOS DE INFORMACIÓN DE LONGITUD FIJA |
| Códigos de información de longitud fija |
190301s2019 sp |||| | u0|| 0|spa d |
| 020 ## - NÚMERO INTERNACIONAL NORMALIZADO PARA LIBROS |
| Número Internacional Normalizado para Libros (ISBN) |
9788441540606 |
| 040 ## - FUENTE DE LA CATALOGACIÓN |
| Centro catalogador de origen |
B-UPV |
| Lengua de catalogación |
cat |
| Centro transcriptor |
CDMR |
| 100 1# - PUNTO DE ACCESO PRINCIPAL-NOMBRE DE PERSONA |
| Nombre de persona |
Tellado, Fernando |
| 245 10 - MENCIÓN DE TÍTULO |
| Título |
WordPress 5 : |
| Resto del título |
la guía completa / |
| Mención de responsabilidad, etc. |
Fernando Tellado |
| 260 ## - PUBLICACIÓN, DISTRIBUCIÓN, ETC. (PIE DE IMPRENTA) |
| Lugar de publicación, distribución, etc. |
Madrid : |
| Nombre del editor, distribuidor, etc. |
Anaya Multimedia, |
| Fecha de publicación, distribución, etc. |
2019 |
| 300 ## - DESCRIPCIÓN FÍSICA |
| Extensión |
384 p. : |
| Otras características físicas |
il. ; |
| Dimensiones |
23 cm |
| 490 0# - MENCIÓN DE SERIE |
| Mención de serie |
Social Business |
| 650 #7 - PUNTO DE ACCESO ADICIONAL DE MATERIA - TÉRMINO DE MATERIA |
| Término de materia o nombre geográfico como elemento inicial |
Blogs |
| 942 ## - ENTRADA DE ELEMENTOS AGREGADOS (KOHA) |
| Fuente de clasificaión o esquema |
|
| Koha [por defecto] tipo de item |
Monografies |